Score 0/20 Timer 02:00
0 Plays Today
HINT 3-LETTER WORD % Correct
Tic-___-ToeTAC
96.9%
☀ The ___ The Earth Stood Still ☀☀ DAY ☀
96.6%
Little Miss Muffet ___ on a tuffetSAT
96.6%
Kids ___ The Darndest ThingsSAY
95.8%
☀ ___ -MAN: 1980 ARCADE GAME ☀☀ PAC. ☀
92.7%
☀ TENNIS MATCH UNIT ☀☀ SET ☀
91.2%
☀ OOLONG OR EARL GREY ☀☀ TEA ☀
91.1%
The Princess And The ___PEA
88.2%
☀ BEIGE ☀☀ TAN ☀
87.1%
Mr. Patrick, Rather, or DierdorfDAN
84.9%
HINT 3-LETTER WORD % Correct
___ Offensive, Viet Nam campaignTET
83.7%
___ Pan AlleyTIN
78.8%
Butter unitPAT
73.6%
The Beach Boys, ___ SoundsPET
71.3%
Jeremy ___, NBA phenomLIN
70.3%
Use a spigotTAP
69.6%
☀ FLICKED A BIC ☀☀ LIT ☀
60.7%
Amber originSAP
57.9%
DineSUP
46.6%
☀ COMMON BOND ☀☀ SUN ☀
31.5%

Today's Daily Dose

Remove Ads.
Support Sporcle.
Get the best of Sporcle when you Go Orange. This ad-free experience offers more features, more stats, and more fun while also helping to support Sporcle. Thank you for becoming a member.

You're not logged in!

Compare scores with friends on all Sporcle quizzes.
OR
Log In

Show Comments

Extras

Top Quizzes Today


Score Distribution

Your Account Isn't Verified!

In order to create a playlist on Sporcle, you need to verify the email address you used during registration. Go to your Sporcle Settings to finish the process.

Report this User

Report this user for behavior that violates our Community Guidelines.

Details: